000 00346nam a2200133Ia 4500
008 240624s9999 xx 000 0 und d
041 _aeng
082 _a658.5 KAC
100 _aKACHRU UPENDRA
245 _aPRODUCTION AND OPERATIONS MANAGEMENT TEX
260 _c2006
_aNew Delhi
_bExcel Books
300 _a828 : p. : cm. ; 28
365 _cRS
_b35
999 _c12034
_d12034